000 00648nam a2200205Ia 4500
008 191130s1997##################000#0#eng##
020 _a9780387948768
040 _aACL
_cACL
082 _a332 GOU
100 _aGourieroux, Christian
245 _aARCH models and financial applications
_cChristian Gouriéroux
260 _aBerlin
_bSpringer
_c1997
300 _aix, 228 p. : ill. ; 24 cm
500 _aIncludes bibliographical references (p. [207]-226) and index
650 _aAutoregression (Statistics)
650 _aFinance - Mathematical models
990 _a14a69d65ac10000c7c54b7104e18b6c1
991 _a142502
999 _c372571
_d372571